000 006930000a22002290004500
003 LK-CoMWRAF
005 20231109113138.0
008 230817t2001 ||||| |||| 00| 0 eng d
020 _a8171569862
040 _aLK-CoMWRAF
_dLK-CoMWRAF
_eLK-CoMWRAF
041 _aeng
082 _a658.4
_bJAI
100 _aJain, Mukesh
245 _aExcellence in Government:
_bA Blueprint for Reinventing the Government
260 _aNew Delhi:
_bAtlantic Publishers,
_c2001
300 _a487 p.; 22.5 x 15 cm
_bBibliography included
650 _aBUREAUCRACY
650 _aPerformance Management
650 _aHuman Performance Technology
650 _a Human Resources Management
942 _cBK
999 _c293
_d293